00524nam#a22002055a#4500001000500000245004200005250001200047260004400059300002100103020001800124100001900142080001000161084000800171653002500179653002400204040002300228008004100251005001700292003000900309292314aEl viento que arrasa /cSelva Almada. a3ยช ed. aCABA :bLiteratura Random House,c2022. a160 p. ;c23 cm. a97898776913821 aAlmada, Selva. a82-31 aA31 aLiteratura argentina aNarrativa argentina aAR-ClEAGcAR-ClEAG220531s2022####ag#####g######001#f#spa#d20241107184806.0AR-ClEAG